000 00957nam a2200301 a 4500
001 14703
003 BD-RjUL
005 20211208235657.0
008 170614s1967 enka g b 001 0 eng d
029 1 _aUKM
_bb6610434
035 _a(OCoLC)ocm00421249
035 _a(BD-RjUL)14757
035 _a(NNC)1504807
040 _aDLC
_cDLC
_dOCL
_dBD-RjUL
_beng
041 _aeng
082 _a595.7
_bWII 1967
_223
100 1 _aWigglesworth, Vincent B.
_q(Vincent Brian),
_d1899-1994.
_945821
245 1 0 _aInsect physiology /
_c[by] Sir Vincent B. Wigglesworth.
250 _a6th ed., revised ed. and reset.
260 _aLondon:
_bMethuen.
_c1967
300 _ax, 134 p. :
_bill. ;
_c20 cm.
490 1 _aMethuen's monographs on biological subjects
504 _aIncludes bibliographies.
650 0 _aInsects
_xPhysiology.
_945822
830 0 _aMethuen's monographs on biological subjects.
_9225486
942 _2ddc
_cBK
999 _c14703
_d14703